| 000 | 005270000a22001930004500 | ||
|---|---|---|---|
| 001 | 002489 | ||
| 003 | MACL | ||
| 005 | 20150919134752.0 | ||
| 008 | 150919b xxu||||| |||| 00| 0 eng d | ||
| 040 |
_aMACL _cMACL |
||
| 041 | _aEnglish | ||
| 082 | _a825/DAS | ||
| 100 |
_aDas, Chittaranjan _912038 |
||
| 245 |
_aLetters From A Forest schllo _bCreative Learning Series , 1 ed _cChittaranjan Das |
||
| 260 |
_aNew Delhi _c2007 _bNational Book Trust, |
||
| 350 | _a550 | ||
| 650 |
_aEnglish Letters _911973 |
||
| 942 |
_k825 _cBK _2ddc |
||
| 999 |
_c14400 _d14400 |
||